000 00636nam a2200241Ia 4500
003 OSt
005 20220918230609.0
006 a|||||r|||| 00| 0
007 ta
008 220917b |||||||| |||| 00| 0 eng d
024 _a256,281
037 _cTextual
040 _aARTS
_cARTS
_beng
041 _2eng
_aeng
082 _aP61,9(1), 111M9
100 _aVirmani K K
245 0 _aSwahili learn and speak in forty day
260 _aDelhi
_bKalinga Publications India
_c1989
300 _a131p
_ccm.
650 _aLINGUISTICS
942 _hP61,9(1), 111M9
_cTEXL
_2CC
999 _c288482
_d288482